01030nam a2200289Ia 4500001000900000003000500009005001700014008004100031010001100072020001800083040000900101082002000110100002900130245017200159260005700331300001100388503000700399504003100406650003700437650002600474650003600500650003800536650004600574650004000620700004300660700003700703dia_1277CHAP20230126103123.0220117s2006 xx 000 0 und d a171695 a968-02-0321-2 cCHAP a332.67 P66 2006 aPonce Hernández, Pedro aGuía práctica para la formulación y evaluación de proyectos de inversión /c Pedro Ponce Hernández, Francisco Pérez Soto y Fernando Gallardo Rodríguez aMéxico :b Universidad Autónoma Chapingo,c2006 a254 p. aD. aBibliografía: p. 247-254 aAnálisis de costoxbeneficio  aCost benefit analysis aEconomic investmentxAnalysis  aEconomic investmentxManagement  aInversion económicaxAdministración  aInversion económicaxAnálisis  aGallardo Rodríguez, Fernando, coaut. aPérez Soto, Francisco, coaut.